000 004780000a22001810004500
041 0 _aSPA
082 0 4 _aG 238.4 S3775f
100 1 _aSchramm, W. E.
245 1 0 _aUna Fe Viva / W. E. Schramm
260 _aSan Antonio, TX., USA : Mensajero Luterano
300 _a166 Pag
650 1 4 _aIGLESIA LUTERANA - CATECISMOS Y CREDOS
001 4631
942 _cBK
999 _c35202
_d35202
336 _atexto
_btxt
_2rdacontent
337 _2rdamedia
_asin mediación
_bn
338 _2rdacarrier
_avolumen
_bnc